01988 a2200289 450000500170000000800410001704000560005804100080011404100080012224500390013024600090016926000620017830000460024050004210028650801820070751101510088954601450104058601060118558600870129165000310137865000560140970000260146571000300149171000220152176500090154385601460155220140905145812.0140219s1980 mx g 0 m mul d aCO-BoUCMbspacJose A. Gerena (modificó)d[Nuevo] aeng apor00aFamacAlan Parker, directorh[DVD]13aFame aMéxico D.F. (México)bMetro-Goldwyn-Mayer (MGM)c1980 a1 DVD, 135 minutosbimagen, sonido, color aSINOPSIS: Siete clases al día y una comida caliente. Eso es lo único que garantiza la escuela de Artes Escénicas de Nueva York. ¿Estrellato? Eso es lo que los jóvenes músicos, actores, bailarines y soñadores luchan por conseguir. Fama vigoriza el cuerpo con su música, celebrando la etapa de maduración del perfeccionamiento del talento, confortando realidades, encontrando el amor, viviendo la vida aCRÉDITOS: Dirigida por Alan Parker; música por Michael Gore; coreografía por Louis Falco; diseño de producción por Geoffrey Kirkland; fotoografía por Michael Seresin0 aREPARTO: Eddie Barth, Irene Cara, Lee Curreri, Laura Dean, Antonia Franceschi, Boyd Gaines, Albert Hague, Tresa Hughes, Steve Inwood, Paul McCrane aAudio en inglés y portugués. Subtítulos en inglés, portugués, español, japonés, chino, tailandés, koreano y bahasa indonesio aGanadora de dos premios de la Academia, 1981 (mejor canción original, mejor partitura de canción) aGanadora de un premio Golden Globes, 1981 (mejor canción original de película) 7aPelículas musicalesvDVD 7aPelículas cinematográficaszEstados UnidosvDVD1 aParker,Alanedirector2 aMetro-Goldwyn-Mayer (MGM)2 aWarner Home Video0 tFame40uhttp://www.youtube.com/watch?v=gEVOFI1DmXEzSiga este enlace para ver el trailerzTrailer tomado del canal MoviemanTrailers vía YouTube.com